00474 2200193 4500001002100000005001500021008004100036020001800077035001900095041000700114082000800121090001200129100001100141700001800152245001200170260004800182300003500230650001500265INLIS00000000000223120241224112511241224||||||||| | ||| |||| || |  a0-02-277435-1 0010-1224002231 aen0 a500 a500 SCI0 aet. al0 aRichard Moyer00aScience aNew YorkbMcGraw-Hill School Divisionc2000 axiii, 484 hlm.; ilus.: 28,5 cm 0aIlmu Murni